LEADER 00936nam0-22003011i-450- 001 990003014390403321 035 $a000301439 035 $aFED01000301439 035 $a(Aleph)000301439FED01 035 $a000301439 100 $a20000920d--------km-y0itay50------ba 101 0 $aita 102 $aIT 200 1 $aAssessing Potential Targets for Labour Market Reforms in Italy$fby Marcello D'Amato, Barbara Pistoresi 225 1 $aMateriali di discussione$fDipartimento di economia politica. Università di Modena$v280 610 0 $aMercato del lavoro$aRiforme$aItalia 676 $aF/1.411 676 $aG/2.10 702 1$aD'Amato,$bMarcello 702 1$aPistoresi,$bBarbara 801 0$aIT$bUNINA$gRICA$2UNIMARC 901 $aBK 912 $a990003014390403321 952 $aPaper$fSES 959 $aSES 996 $aAssessing Potential Targets for Labour Market Reforms in Italy$9467825 997 $aUNINA DB $aING01 LEADER 01221nam 2200349 n 450 001 996391953703316 005 20230804230541.0 035 $a(CKB)1000000000678831 035 $a(EEBO)2248562806 035 $a(UnM)99839141 035 $a(EXLCZ)991000000000678831 100 $a19901129d1616 uy | 101 0 $aeng 135 $aurbn#|||a|bb| 200 04$aThe light of the world$b[electronic resource] $eA sermon preached at Botterwike in Holland, neere Boston, in Lincolnshire. By Thomas Granger, preacher of Gods word there 210 $aLondon $cPrinted by T[homas] S[nodham] for Thomas Pauier, and are to be sold at his shop in Yuie lane$d1616 215 $a[4], 34, [2] p 300 $aPrinter's name from STC. 300 $aThe last leaf is blank. 300 $aReproduction of the original in the Henry E. Huntington Library and Art Gallery. 330 $aeebo-0113 606 $aSermons, English$y17th century 615 0$aSermons, English 700 $aGranger$b Thomas$f1578-$01373919 801 0$bCu-RivES 801 1$bCu-RivES 801 2$bCStRLIN 801 2$bWaOLN 906 $aBOOK 912 $a996391953703316 996 $aThe light of the world$93406176 997 $aUNISA